|
|
|
|
| LEADER |
01160nam a2200313 a 4500 |
| 001 |
41814 |
| 003 |
BD-DhAAL |
| 005 |
20231001104110.0 |
| 008 |
910923s1992 nyua b 001 0 eng |
| 010 |
|
|
|a 91036338
|
| 020 |
|
|
|a 0671662740 :
|c $23.00
|
| 040 |
|
|
|a DLC
|c DLC
|d DLC
|d BD-DhAAL
|
| 050 |
0 |
0 |
|a HQ1206
|b .T28 1992
|
| 082 |
0 |
0 |
|a 305.3
|2 20
|
| 100 |
1 |
|
|a Tavris, Carol.
|9 55617
|
| 245 |
1 |
4 |
|a The mismeasure of woman /
|c Carol Tavris.
|
| 260 |
|
|
|a New York :
|b Simon & Schuster,
|c c1992.
|
| 300 |
|
|
|a 398 pages :
|b illustrations ;
|c 25 cm.
|
| 504 |
|
|
|a Includes bibliographical references (p. [361]-377) and index.
|
| 526 |
|
|
|a BIED
|
| 541 |
|
|
|a Complimentary copy from BIED
|e 41814
|
| 650 |
|
0 |
|a Women
|x Psychology.
|
| 650 |
|
0 |
|a Sex role.
|
| 650 |
|
0 |
|a Sex differences.
|
| 650 |
|
0 |
|a Sex differences (Psychology)
|
| 852 |
|
|
|a Ayesha Abed Library
|c BIED Collection
|
| 942 |
|
|
|2 ddc
|c BK
|
| 999 |
|
|
|c 46185
|d 46185
|
| 952 |
|
|
|0 0
|1 0
|2 ddc
|4 0
|6 305_300000000000000_TAV
|7 0
|9 74479
|a BRACUL
|b BRACUL
|c GEN
|d 2023-10-01
|e Complimentary copy from BIED
|l 1
|o 305.3 TAV
|p 3010041814
|q 2026-06-02
|r 2026-05-20
|s 2026-05-20
|t 1
|w 2023-10-01
|y BK
|x Transferred from BIED to General Stacks
|